| 000 | 01260nam a2200337 i 4500 | ||
|---|---|---|---|
| 001 | 10914 | ||
| 003 | KOSZ 005 | ||
| 005 | 20200211081023.0 | ||
| 008 | 950707s1966 pl f f |000 0 pol d | ||
| 040 |
_cKOSZ 005/HR _aKOSZ 005/HR _dKOSZ 005/HR |
||
| 041 | _apol | ||
| 046 | _k1966 | ||
| 080 | _a517 | ||
| 080 | _a(075.8) | ||
| 100 | 1 |
_aRomanowski, Świętosław _d(1893-1970). _eAutor |
|
| 245 | 1 | 0 |
_aMatematyka wyższa dla studiów technicznych. _nCz.2, _pCałki, równania różniczkowe zwyczajne, szeregi, obliczenia przybliżone i zastosowania / _cŚwiętosław Romanowski i Włodzimierz Wrona. |
| 246 | 3 | 0 | _aCałki, równania różniczkowe zwyczajne, szeregi, obliczenia przybliżone i zastosowania |
| 250 | _aWyd. 4 fot. | ||
| 260 |
_aWarszawa : _bPaństwoe Wydawnictwo Naukowe, _c1966. |
||
| 380 | _aKsiążki | ||
| 388 | _a1901-2000 | ||
| 388 | _a1945-1989 | ||
| 658 | _aMatematyka | ||
| 650 | 4 | _aRównania różniczkowe | |
| 650 | 4 | _aRachunek całkowy | |
| 650 | 4 | _aAnaliza matematyczna | |
| 650 | 4 | _aSzeregi | |
| 700 | 1 |
_aWrona, Włodzimierz _d(1912-1988) _eAutor |
|
| 856 |
_uhttp://koha.tu.koszalin.pl/cgi-bin/koha/opac-detail.pl?biblionumber=10914 _yKatalog online BPK |
||
| 942 |
_cKS _2UKD |
||
| 999 |
_c10914 _d10914 |
||